[Event "6th Gibtelecom Masters"]
[Site "Gibraltar ENG"]
[Date "2008.01.29"]
[Round "8"]
[White "Tofte,S"]
[Black "Caspi,I"]
[Result "1-0"]
[WhiteElo "2108"]
[BlackElo "2378"]
[EventDate "2008.01.22"]

1. e4 c5 2. Nf3 d6 3. d4 cxd4 4. Nxd4 a6 5. Nc3 e6 6. Be3 Nc6 7. Qd2 Nf6 8.
f3 Be7 9. g4 O-O 10. O-O-O Nd7 11. h4 Nxd4 12. Bxd4 b5 13. g5 Ne5 14. Qg2
Nc6 15. Be3 Qa5 16. Kb1 Rb8 17. h5 b4 18. Ne2 d5 19. exd5 b3 20. cxb3 Nb4
21. Nc3 exd5 22. Rc1 Bf5+ 23. Ka1 Rfc8 24. Rh4 d4 25. Rxd4 Bc5 26. g6 hxg6
27. hxg6 Bxg6 28. Bc4 Bxd4 29. Bxd4 Qf5 30. Ne4 Nd3 31. Rh1 Nf4 32. Qh2 Qh5
33. Qg1 Nh3 34. Rxh3 Qxh3 35. Bxf7+ Kh8 36. Bxg6 Qg2 37. Nc3 Qxg1+ 38. Bxg1
Rc6 39. Be4 Rh6 40. Kb1 Rh1 41. Ne2 Rc8 42. b4 g5 43. a3 Rf8 44. Ka2 Rh3
45. Be3 Rh2 46. Ng3 Rg2 47. Nf5 Rd8 48. Nh6 Kg7 49. Ng4 Re8 50. Bd4+ Kf7
51. Ne5+ Ke6 52. Nd3 Kd6 53. Bb7 Rg3 54. Nc5 Kc7 55. Be4 Kb6 56. Ne6+ Kb5
57. Kb3 1-0

[Event "6th Gibtelecom Masters"]
[Site "Gibraltar ENG"]
[Date "2008.01.29"]
[Round "8"]
[White "Dimitrov,Pa"]
[Black "Walton,A"]
[Result "1/2-1/2"]
[WhiteElo "2448"]
[BlackElo "2207"]
[EventDate "2008.01.22"]

1. e4 e6 2. d4 d5 3. Nc3 Nf6 4. e5 Nfd7 5. f4 c5 6. Nf3 Nc6 7. Ne2 Qb6 8.
c3 cxd4 9. Nexd4 Bc5 10. b4 Bxd4 11. Nxd4 Nxd4 12. Qxd4 O-O 13. Be3 Qxd4
14. Bxd4 f6 15. Bd3 Nb6 16. a4 Bd7 17. Bc2 Nc4 18. Ke2 fxe5 19. fxe5 Be8
20. g4 Rf4 21. h3 Bg6 22. Bxg6 hxg6 23. Kd3 Re4 24. Rae1 Rxe1 25. Rxe1 Nb2+
26. Ke3 Nxa4 27. Ra1 b5 28. h4 Rc8 29. h5 gxh5 30. gxh5 Kf7 31. Rf1+ Ke7
32. Rg1 Kf7 33. Rf1+ Ke7 34. Rg1 Kf7 35. Rf1+ 1/2-1/2

[Event "6th Gibtelecom Masters"]
[Site "Gibraltar ENG"]
[Date "2008.01.29"]
[Round "8"]
[White "Amigues,E"]
[Black "Kozlov,O"]
[Result "0-1"]
[WhiteElo "2378"]
[BlackElo "2144"]
[EventDate "2008.01.22"]

1. d4 d5 2. c4 e6 3. Nc3 Nf6 4. Nf3 Nbd7 5. Bg5 c6 6. Qb3 Qa5 7. Bd2 Qb6 8.
g3 dxc4 9. Qc2 e5 10. e3 exd4 11. exd4 Qd8 12. Bxc4 Nb6 13. Be2 Be7 14. h3
Nbd5 15. a3 O-O 16. Kf1 Be6 17. Na4 Qc8 18. g4 Nb6 19. Nc5 Bd5 20. Rg1 Re8
21. Be3 Bxc5 22. dxc5 Be4 23. Qc1 Nbd5 24. Bd4 Qc7 25. Qg5 h6 26. Qh4 Bxf3
27. Bxf3 Qf4 28. Bxd5 Nxd5 29. Rd1 Re4 0-1

[Event "6th Gibtelecom Masters"]
[Site "Gibraltar ENG"]
[Date "2008.01.29"]
[Round "8"]
[White "Quillan,G"]
[Black "Compton,A"]
[Result "1-0"]
[WhiteElo "2362"]
[BlackElo "2132"]
[EventDate "2008.01.22"]

1. e4 e6 2. d4 d5 3. Nd2 Nf6 4. e5 Nfd7 5. c3 c5 6. Bd3 Nc6 7. Ne2 Qb6 8.
Nf3 cxd4 9. cxd4 f6 10. exf6 Nxf6 11. O-O Bd6 12. Nc3 O-O 13. Be3 Bd7 14.
Rc1 Kh8 15. h3 Be8 16. Ng5 Bf7 17. Na4 Qc7 18. Nc5 Qe7 19. Bb5 Nd8 20. Re1
Be8 21. Bxe8 Rxe8 22. Nd3 Nc6 23. Bf4 Nd8 24. Be5 h6 25. Nf4 Kg8 26. Nf3
Bb4 27. Bxf6 Qxf6 28. Nxd5 Qf8 29. Nxb4 Qxb4 30. b3 Nc6 31. Rc4 Qd6 32. Ne5
Ne7 33. Qf3 b5 34. Rcc1 Nf5 35. Re4 Rac8 36. Rd1 Rf8 37. Qe2 Qd5 38. Ng6
Rfe8 39. Nf4 1-0

[Event "6th Gibtelecom Masters"]
[Site "Gibraltar ENG"]
[Date "2008.01.29"]
[Round "8"]
[White "Kulago,A"]
[Black "Devereaux,M"]
[Result "0-1"]
[WhiteElo "2206"]
[BlackElo "2348"]
[EventDate "2008.01.22"]

1. d4 d5 2. c4 dxc4 3. e3 e5 4. dxe5 Qxd1+ 5. Kxd1 Nc6 6. Bxc4 Nxe5 7. Be2
Bf5 8. Nf3 O-O-O+ 9. Nbd2 Nxf3 10. gxf3 Ne7 11. e4 Be6 12. Ke1 Nc6 13. a3
Nd4 14. Bd1 Bd6 15. b4 Bf4 16. Nf1 Be5 17. Rb1 Nb5 18. f4 Bc3+ 19. Bd2 Rxd2
20. Nxd2 Rd8 21. a4 Rxd2 22. Kf1 Bh3+ 23. Kg1 Bd4 0-1

[Event "6th Gibtelecom Masters"]
[Site "Gibraltar ENG"]
[Date "2008.01.29"]
[Round "8"]
[White "Astaneh Lopez,A"]
[Black "Goodger,M"]
[Result "1-0"]
[WhiteElo "2346"]
[BlackElo "2113"]
[EventDate "2008.01.22"]

1. Nf3 e6 2. g3 f5 3. Bg2 Nf6 4. c4 d5 5. cxd5 exd5 6. O-O Bd6 7. e3 O-O 8.
Nc3 c6 9. a3 a5 10. Qc2 Na6 11. d4 Qe7 12. Bd2 Ne4 13. Ne1 Nb8 14. Nd3 Nd7
15. b4 Nxc3 16. Bxc3 a4 17. b5 Bxa3 18. bxc6 Nf6 19. Rfb1 Bd6 20. Rxa4 Rxa4
21. Qxa4 bxc6 22. Qxc6 Ne4 23. Bb4 Bxb4 24. Nxb4 Bb7 25. Nxd5 1-0

[Event "6th Gibtelecom Masters"]
[Site "Gibraltar ENG"]
[Date "2008.01.29"]
[Round "8"]
[White "Nadig,K"]
[Black "Vul,A"]
[Result "1/2-1/2"]
[WhiteElo "2208"]
[BlackElo "2337"]
[EventDate "2008.01.22"]

1. e4 e5 2. Nf3 Nc6 3. Bb5 g6 4. O-O Bg7 5. c3 Nge7 6. d4 exd4 7. cxd4 d5
8. Bxc6+ bxc6 9. e5 O-O 10. Nc3 Bg4 11. h3 Bxf3 12. Qxf3 f6 13. e6 Nf5 14.
Qd3 Re8 15. g4 Nd6 16. Qa6 f5 17. Qxc6 fxg4 18. Qxd5 Qh4 19. Bg5 Qxh3 20.
Rad1 g3 21. e7+ Nf7 22. fxg3 Qxg3+ 23. Kh1 Qh3+ 24. Kg1 Qg3+ 25. Kh1 Qh3+
26. Kg1 Qg3+ 1/2-1/2

[Event "6th Gibtelecom Masters"]
[Site "Gibraltar ENG"]
[Date "2008.01.29"]
[Round "8"]
[White "Van den Bersselaar,J"]
[Black "Klinova,M"]
[Result "1/2-1/2"]
[WhiteElo "2164"]
[BlackElo "2315"]
[EventDate "2008.01.22"]

1. d4 d6 2. e4 Nf6 3. Nc3 g6 4. Be3 Bg7 5. Qd2 O-O 6. f3 c6 7. Bh6 e5 8.
Nce2 exd4 9. Nxd4 d5 10. O-O-O c5 11. Bxg7 Kxg7 12. Nb3 c4 13. Na5 Nc6 14.
Nxc6 bxc6 15. Bxc4 Be6 16. exd5 cxd5 17. Bb3 a5 18. Qd4 Rb8 19. g4 Rb4 20.
Qe5 Kg8 21. Ne2 Nd7 22. Qe3 Nb6 23. a3 Nc4 24. Qc3 Qa8 25. Nf4 Rc8 26. Qf6
Rb6 27. Bxc4 dxc4 28. Nxe6 Rxe6 29. Qc3 Qb8 30. Rd4 Re2 31. h4 Qe5 32. Kb1
Re3 33. Qd2 c3 34. Rd8+ Kg7 35. Qd6 Qxd6 36. Rxd6 cxb2 37. h5 Rxa3 38. h6+
Kf8 39. Kxb2 Rxf3 40. Rhd1 Rf4 41. R1d4 Rxd4 42. Rxd4 Rc5 43. c4 Ke7 44.
Kc3 Rg5 45. Re4+ Kd6 46. Kd4 a4 47. Kc3 a3 48. Kb3 Ra5 49. Ka2 f5 50. gxf5
gxf5 51. Re8 Ra4 52. c5+ Kd5 53. Re7 Kxc5 54. Rxh7 Kd5 55. Rh8 Ra7 56. h7
Rd7 57. Kxa3 f4 1/2-1/2

[Event "6th Gibtelecom Masters"]
[Site "Gibraltar ENG"]
[Date "2008.01.29"]
[Round "8"]
[White "Osuna Vega,E"]
[Black "Vonthron,H"]
[Result "1/2-1/2"]
[WhiteElo "2146"]
[BlackElo "2308"]
[EventDate "2008.01.22"]

1. Nf3 Nf6 2. d4 d6 3. Nc3 Bg4 4. e4 e6 5. Be3 Be7 6. Be2 O-O 7. Nd2 Bxe2
8. Qxe2 d5 9. O-O-O a6 10. e5 Nfd7 11. Qg4 Kh8 12. Ne2 c5 13. c3 Nc6 14. f4
b5 15. dxc5 Bxc5 16. Bxc5 Nxc5 17. Rhf1 f6 18. Nf3 b4 19. Nfd4 bxc3 20.
Nxc6 Qb6 21. Nxc3 Qxc6 22. Rf3 Rab8 23. Rh3 Qb7 24. Rd2 fxe5 25. Qh5 g5 26.
Qxg5 Rf5 27. Qh6 Rxf4 28. Rf3 Rxf3 29. gxf3 Qf7 30. Qe3 Nd7 31. Qa7 Re8 32.
Qc7 Qg7 33. Qc6 Qf7 34. Qc7 Rf8 35. Qd6 a5 36. Qc7 Qg7 37. Qc6 Rf6 38. Qd6
Nf8 39. Qxe5 Rxf3 40. Qd6 Rf1+ 41. Kc2 Rf7 42. a3 h6 43. Qc5 Nd7 44. Qxa5
Ne5 45. Qa6 Nf3 46. Rd1 Qg2+ 47. Kb1 Nd2+ 48. Rxd2 Qxd2 49. Qxe6 Qd3+ 50.
Ka2 Qc4+ 51. Ka1 Rf1+ 52. Nb1 Qd3 53. Qxh6+ Kg8 54. Qe6+ Kh7 55. Qd7+ Kh6
56. Qd6+ Kh5 57. Qe5+ Kg4 58. Qe6+ Kf4 59. Qd6+ Kg4 60. Qe6+ Qf5 61. Qxf5+
Kxf5 62. Ka2 d4 63. Nd2 Rf2 64. Nc4 Ke4 65. Kb3 Kd5 66. a4 Rxh2 67. a5 Kc5
68. Ne5 Rh3+ 69. Kc2 Kd5 70. Nd3 Rh2+ 71. Kb3 Rh8 72. Kc2 Re8 73. Kd2 Ra8
74. a6 Ra7 75. b3 Rh7 76. Nb4+ Ke4 77. Nc2 Rh2+ 78. Kd1 d3 79. Nb4 Ke3 80.
Nd5+ Kd4 81. a7 Rh8 82. Nc7 Kc3 83. a8=Q Rxa8 84. Nxa8 Kxb3 1/2-1/2

[Event "6th Gibtelecom Masters"]
[Site "Gibraltar ENG"]
[Date "2008.01.29"]
[Round "8"]
[White "Lazarus,B"]
[Black "Jaksland,T"]
[Result "0-1"]
[WhiteElo "2143"]
[BlackElo "2294"]
[EventDate "2008.01.22"]

1. e4 d5 2. exd5 Nf6 3. d4 Nxd5 4. c4 Nb6 5. Nf3 Bg4 6. c5 N6d7 7. Bc4 e6
8. h3 Bh5 9. Nc3 Nc6 10. Be3 Be7 11. Qe2 O-O 12. O-O e5 13. g4 Bg6 14. Rad1
exd4 15. Nxd4 Nxd4 16. Bxd4 Re8 17. Qf3 c6 18. Rfe1 Bxc5 19. Bxc5 Rxe1+ 20.
Rxe1 Nxc5 21. Qe3 b6 22. f4 h6 23. f5 Bh7 24. Kg2 Kf8 25. b4 Nb7 26. b5 Nd6
27. Be2 Nxb5 28. Nxb5 cxb5 29. Qa3+ Kg8 30. Bf3 Rc8 31. Qxa7 Rc2+ 32. Kh1
g6 33. Rd1 Qh4 34. Qb8+ Kg7 35. Qe5+ Qf6 36. Qxf6+ Kxf6 37. fxg6 Bxg6 38.
Rd6+ Ke5 39. Rxb6 Kf4 40. Bg2 Kg3 41. Bf1 Be4+ 42. Kg1 Rh2 0-1

[Event "6th Gibtelecom Masters"]
[Site "Gibraltar ENG"]
[Date "2008.01.29"]
[Round "8"]
[White "Zuse,KP"]
[Black "Arvola,B"]
[Result "1-0"]
[WhiteElo "2274"]
[BlackElo "2062"]
[EventDate "2008.01.22"]

1. e4 e6 2. d4 d5 3. Nc3 Bb4 4. e5 c5 5. a3 Bxc3+ 6. bxc3 Ne7 7. Nf3 Nbc6
8. Be2 Qa5 9. O-O Qxc3 10. Bd2 Qb2 11. Rb1 Qxa3 12. Rb3 Qa2 13. dxc5 Na5
14. Rb1 Nc4 15. Nd4 O-O 16. Bc3 Qa3 17. Nb3 Qa4 18. Qd4 Qe8 19. Rbd1 b6 20.
Rd3 Bd7 21. Rh3 Ng6 22. f4 Rc8 23. f5 Ne7 24. Qh4 h6 25. f6 Ng6 26. Qh5 1-0

[Event "6th Gibtelecom Masters"]
[Site "Gibraltar ENG"]
[Date "2008.01.29"]
[Round "8"]
[White "Obers,F"]
[Black "Urbina Perez,J"]
[Result "1/2-1/2"]
[WhiteElo "2094"]
[BlackElo "2241"]
[EventDate "2008.01.22"]

1. c4 Nf6 2. Nc3 e6 3. d4 d5 4. cxd5 exd5 5. Bg5 Nbd7 6. e3 c6 7. Bd3 Be7
8. Qc2 Nh5 9. Bxe7 Qxe7 10. O-O-O g6 11. Nf3 Nb6 12. h3 Ng7 13. Kb1 Bf5 14.
Ne5 f6 15. Bxf5 Nxf5 16. Nd3 Nd6 17. Rhe1 O-O-O 18. Rc1 Ne4 19. Na4 Nxa4
20. Qxa4 Kb8 21. Rc2 Rhe8 22. f3 Nd6 23. Nc5 f5 24. Qb4 Ka8 25. Rce2 b6 26.
Nd3 Nc4 27. b3 Qxb4 28. Nxb4 Na5 29. Nd3 Kb7 30. Kb2 Re6 31. Kc3 Rde8 32.
Nf4 R6e7 33. h4 Kc7 34. Kd3 Kd6 35. e4 fxe4+ 36. fxe4 dxe4+ 37. Rxe4 Nb7
38. g4 Nd8 39. Rxe7 Rxe7 40. Rxe7 Kxe7 41. Ke4 Ne6 42. Nd3 Kd6 43. Ne5
1/2-1/2

[Event "6th Gibtelecom Masters"]
[Site "Gibraltar ENG"]
[Date "2008.01.29"]
[Round "8"]
[White "Ocana Roca,J"]
[Black "Byron,A"]
[Result "1-0"]
[WhiteElo "2127"]
[BlackElo "2229"]
[EventDate "2008.01.22"]

1. e4 g6 2. d4 Bg7 3. Be3 d6 4. Qd2 a6 5. c4 c6 6. Nc3 Nd7 7. Nge2 b5 8. b3
Rb8 9. cxb5 cxb5 10. Nf4 Ngf6 11. f3 O-O 12. g4 e5 13. dxe5 Nxe5 14. Be2 b4
15. Na4 Nexg4 16. Bd4 Ne5 17. Rd1 Bb7 18. Bb6 Qe8 19. O-O Bh6 20. Nh5 Nxh5
21. Qxh6 f5 22. Bc7 Nf7 23. Qe3 Rc8 24. Bxd6 Nxd6 25. Rxd6 fxe4 26. Nc5 Qe5
27. Nxb7 Rc3 28. Bc4+ Kh8 29. Qxe4 Qg5+ 30. Kh1 Rf4 31. Qe8+ Kg7 32. Rd7+
Kh6 33. Rxh7+ 1-0

[Event "6th Gibtelecom Masters"]
[Site "Gibraltar ENG"]
[Date "2008.01.29"]
[Round "8"]
[White "Perman,T"]
[Black "Langer,M USA"]
[Result "1-0"]
[WhiteElo "2092"]
[BlackElo "2314"]
[EventDate "2008.01.22"]

1. c4 Nf6 2. g3 c5 3. Bg2 d5 4. cxd5 Nxd5 5. Nc3 Nc7 6. d3 e5 7. Be3 Be7 8.
Rc1 Ne6 9. Nf3 Nc6 10. Nd2 Ned4 11. O-O Be6 12. Nce4 Bd5 13. Bxd4 cxd4 14.
Nb3 a5 15. a4 O-O 16. Ned2 Nb4 17. Bxd5 Nxd5 18. Nf3 Re8 19. Qc2 Bg5 20.
Nbd2 Ra6 21. Qc5 Rc6 22. Qb5 Bxd2 23. Nxd2 Rb6 24. Qxa5 Rxb2 25. Qxd8 Rxd8
26. Nc4 Nc3 27. Nxb2 Nxe2+ 28. Kg2 Nxc1 29. Rxc1 f6 30. Rc7 Rb8 31. Nc4 h5
32. Nb6 Kh7 33. Nd7 Ra8 34. Nxf6+ Kg6 35. Ne4 Rxa4 36. Rxb7 Ra3 37. Re7 Kf5
38. Rxg7 Rxd3 39. f3 Ra3 40. Rg5+ Ke6 41. Rxh5 Kd5 42. Rh8 Kc4 43. g4 Kd3
44. Re8 Ra5 45. g5 Ke3 46. g6 Ra6 47. Rxe5 Rxg6+ 48. Ng3+ Kd2 49. h4 d3 50.
Kf2 Ra6 51. Ne4+ Kd1 52. Rd5 Ra3 53. Nc5 Ra5 54. Rxd3+ Kc2 55. Rd5 1-0

[Event "6th Gibtelecom Masters"]
[Site "Gibraltar ENG"]
[Date "2008.01.29"]
[Round "8"]
[White "Norinkeviciute,R"]
[Black "Tscharotschkin,M"]
[Result "1/2-1/2"]
[WhiteElo "2064"]
[BlackElo "2272"]
[EventDate "2008.01.22"]

1. c4 c6 2. g3 d5 3. Bg2 Nf6 4. Nf3 Bf5 5. Qb3 Qb6 6. d3 dxc4 7. Qxc4 Nbd7
8. O-O h6 9. Nc3 e5 10. Be3 Qc7 11. Rac1 Be6 12. Qa4 Be7 13. d4 O-O 14. h3
Rfd8 15. Rfd1 exd4 16. Nxd4 Nf8 17. Nxe6 Rxd1+ 18. Rxd1 Nxe6 19. a3 Nc5 20.
Qc2 Ne6 21. Qf5 Rd8 22. Qc2 b6 23. Rxd8+ Bxd8 24. Ne4 Nd5 25. Bc1 Be7 26.
Nc3 Nf6 27. Qd3 c5 28. Qa6 Ne8 29. Nb5 Qd7 30. Qxa7 Qd1+ 31. Bf1 Bf6 32.
Be3 Bxb2 33. Qxb6 Qd5 34. Bg2 Qd1+ 35. Kh2 Nf6 36. Bf3 c4 37. Nd6 c3 38.
Qb8+ Nf8 39. Nc4 Qa1 40. Bd4 Bxa3 41. Nxa3 Qxa3 42. Qc8 N6d7 43. Qxc3 Qxc3
44. Bxc3 Ne6 45. Kg2 Kf8 46. Bc6 Ndc5 47. Bb4 Kg8 48. Bd5 Na6 49. Bd6 Nac7
50. Bc4 Ne8 51. Bb4 Ng5 52. f4 Ne4 53. Kf3 N4d6 54. Ba2 Nf5 55. Bc5 g6 56.
e4 Nfg7 57. Ke3 Nc7 58. Bc4 Nce6 59. Bd6 Nf8 60. Kd4 Nfe6+ 61. Ke5 Nh5 62.
Bxe6 fxe6 63. Kxe6 Nxg3 64. e5 Nh5 65. Kd7 Nxf4 66. e6 Nd5 67. Be7 g5 68.
Bd8 Kf8 69. Ba5 Nf6+ 70. Kd8 Nd5 71. Bb4+ Kg7 72. e7 Nxe7 73. Kxe7 Kg6 74.
Ke6 g4 75. h4 g3 76. Be1 g2 77. Bf2 Kh5 78. Kf5 g1=Q 79. Bxg1 Kxh4 1/2-1/2

[Event "6th Gibtelecom Masters"]
[Site "Gibraltar ENG"]
[Date "2008.01.29"]
[Round "8"]
[White "Makka,I"]
[Black "Fairbairn,S"]
[Result "1-0"]
[WhiteElo "2186"]
[BlackElo "2086"]
[EventDate "2008.01.22"]

1. e4 d6 2. d4 g6 3. Nc3 Bg7 4. Be3 a6 5. f4 b5 6. Bd3 Nd7 7. Nf3 Bb7 8. e5
e6 9. a4 b4 10. Ne4 Bxe4 11. Bxe4 d5 12. Bd3 a5 13. O-O Ne7 14. Bf2 Qc8 15.
Kh1 h5 16. Qe2 Nf5 17. Nh4 Nxh4 18. Bxh4 Nb6 19. b3 Qd7 20. Rac1 Kf8 21. c3
bxc3 22. Rxc3 c6 23. Rfc1 Bh6 24. g3 Rb8 25. Ba6 Rg8 26. Rxc6 Nc4 27. Bb5
Qb7 28. bxc4 dxc4 29. R1xc4 g5 30. Qxh5 gxh4 31. Qxh6+ 1-0

[Event "6th Gibtelecom Masters"]
[Site "Gibraltar ENG"]
[Date "2008.01.29"]
[Round "8"]
[White "Mortensen,H"]
[Black "Smith,An"]
[Result "0-1"]
[WhiteElo "2035"]
[BlackElo "2208"]
[EventDate "2008.01.22"]

1. e4 e5 2. Nc3 Qf6 3. Nd5 Qd6 4. Nf3 c6 5. Ne3 Qf6 6. d4 d6 7. dxe5 dxe5
8. Nc4 Nd7 9. Bg5 Qg6 10. Ncxe5 Qxe4+ 11. Be2 Be7 12. Nc4 Ngf6 13. Nd6+
Bxd6 14. Qxd6 Qxc2 15. Rc1 Qe4 16. Rc3 Nd5 17. Rb3 f6 18. Bc1 Qe7 19. Qg3
O-O 20. Nd4 Qe4 21. Be3 Nc5 22. Nf5 Qb1+ 23. Bd1 Bxf5 24. Bxc5 Rfe8+ 25.
Be3 Bc2 26. O-O Bxb3 27. Bh5 Rxe3 28. fxe3 Qxa2 29. e4 Nb6 30. Rxf6 Qxb2
31. Rf2 Qa1+ 32. Rf1 Qd4+ 33. Kh1 Bc4 0-1

[Event "6th Gibtelecom Masters"]
[Site "Gibraltar ENG"]
[Date "2008.01.29"]
[Round "8"]
[White "Reppen,S"]
[Black "Tate,A"]
[Result "0-1"]
[WhiteElo "2061"]
[BlackElo "2163"]
[EventDate "2008.01.22"]

1. e4 c5 2. Nf3 d6 3. d4 Nf6 4. Nc3 cxd4 5. Nxd4 a6 6. Be3 e5 7. Nb3 Be7 8.
f3 Be6 9. Qd2 O-O 10. g4 d5 11. g5 d4 12. gxf6 Bxf6 13. O-O-O dxe3 14. Qxd8
Bxd8 15. Nc5 Bc8 16. Nd5 Nc6 17. c3 b6 18. Nd3 f5 19. Nxe3 fxe4 20. fxe4
Bg5 21. Re1 Rf3 22. Kd2 Bh3 23. Bxh3 Rxh3 24. Re2 Nd4 25. cxd4 exd4 26. Kc2
Bxe3 27. Rd1 Rc8+ 28. Kb1 a5 29. a3 Re8 30. e5 h6 31. Rc2 Re6 32. Rf1 Bg5
33. Rd1 Rf3 34. Rc7 Rh3 35. Rc2 Kh7 36. Rg2 Be3 37. Rf1 g5 38. Rc2 Kg6 39.
Rf8 Kh5 40. Rd8 Bg1 41. Rd6 Re7 42. Rd2 Rxh2 43. Rd1 Be3 44. Rxb6 g4 45. e6
g3 46. Rb5+ Kg6 47. Ne5+ Kh7 48. Ng4 Rd2 49. Rxd2 Bxd2 50. Rb3 Be3 51. Nxe3
dxe3 52. Rxe3 g2 53. Re1 Rxe6 54. Rg1 Re2 0-1

[Event "6th Gibtelecom Masters"]
[Site "Gibraltar ENG"]
[Date "2008.01.29"]
[Round "8"]
[White "Borg,A"]
[Black "Jorgensen,L"]
[Result "1/2-1/2"]
[WhiteElo "2127"]
[BlackElo "1867"]
[EventDate "2008.01.22"]

1. Nf3 d5 2. d4 Nf6 3. c4 e6 4. g3 c5 5. cxd5 Nxd5 6. Bg2 Nc6 7. O-O Nb6 8.
e3 Bd7 9. Qe2 cxd4 10. exd4 Be7 11. Nc3 O-O 12. Rd1 Nd5 13. Ne4 Qb6 14. Be3
Nxe3 15. fxe3 Rad8 16. a3 f5 17. Nc3 Bf6 18. Rac1 Ne7 19. Kh1 Bc6 20. Ne1
Nd5 21. Nd3 Kh8 22. Nf4 Nxf4 23. gxf4 g5 24. Bxc6 Qxc6+ 25. d5 Qb6 26. fxg5
Bxg5 27. Rd3 e5 28. Rcd1 Qh6 29. Nb5 e4 30. Rb3 f4 31. exf4 Rxf4 32. Rg3
Rdf8 33. Rg2 Qh4 34. Rdg1 Rf2 35. Qg4 Rxg2 36. Qxg2 Rf2 37. Qg3 Qxg3 38.
Rxg3 h6 39. Rg2 Rf5 40. Nc3 e3 41. Re2 Re5 42. Kg2 Kg8 43. Kf3 Kf8 44. Rg2
Rf5+ 45. Ke2 Bf6 46. Nd1 Rxd5 47. Nxe3 Rb5 48. b4 Bg5 49. Kd3 Bxe3 50. Kxe3
Rh5 51. Rc2 Ke8 1/2-1/2

[Event "6th Gibtelecom Masters"]
[Site "Gibraltar ENG"]
[Date "2008.01.29"]
[Round "8"]
[White "Arnott,J"]
[Black "Webster,R"]
[Result "1/2-1/2"]
[WhiteElo "2117"]
[BlackElo "1989"]
[EventDate "2008.01.22"]

1. e4 e6 2. d4 d5 3. e5 c5 4. c3 Nc6 5. Nf3 Bd7 6. Be2 Nge7 7. Na3 Nf5 8.
Nc2 Be7 9. O-O cxd4 10. Ncxd4 Nfxd4 11. cxd4 Rc8 12. Be3 f5 13. exf6 Bxf6
14. Bd3 O-O 15. Ne5 Be8 16. Qg4 Qe7 17. Qh3 h6 18. f4 Nb4 19. Bb1 Bxe5 20.
dxe5 Nc2 21. Bxc2 Rxc2 22. Rac1 Rxc1 23. Rxc1 b6 24. a3 Bb5 25. Bd2 Qd7 26.
Qc3 Rd8 27. Qc7 Bc4 28. Qxd7 Rxd7 29. Bb4 a5 30. Bd6 a4 31. Kf2 b5 32. Ke3
Rd8 33. g4 Kf7 34. Rc2 h5 35. gxh5 Rh8 36. Kf3 Rxh5 37. Kg4 g6 38. Rd2 Rh7
1/2-1/2

[Event "6th Gibtelecom Masters"]
[Site "Gibraltar ENG"]
[Date "2008.01.29"]
[Round "8"]
[White "Flores Chico,J"]
[Black "Getz,N"]
[Result "0-1"]
[WhiteElo "2092"]
[BlackElo "2019"]
[EventDate "2008.01.22"]

1. e4 c5 2. Nf3 d6 3. d4 cxd4 4. Nxd4 Nf6 5. Nc3 a6 6. f4 e6 7. Bd3 Nbd7 8.
Qf3 Qc7 9. g4 h6 10. Be3 b5 11. O-O-O Bb7 12. g5 hxg5 13. fxg5 Ne5 14. Qg3
Nxd3+ 15. Rxd3 Nxe4 16. Nxe4 Bxe4 17. Rc3 Qd7 18. Re1 b4 19. Rb3 d5 20. Bf4
Bc5 21. Be5 Rc8 22. Re2 Rh7 23. Qg4 Bg6 24. Rh3 Bxd4 25. Bxd4 Kf8 26. Rxh7
Bxh7 27. h4 Bf5 28. Qh5 Kg8 29. Qf3 e5 30. Bxe5 Bg4 31. Qf2 Bxe2 32. Qxe2
Re8 33. Qh2 Qe6 34. Bg3 Qe3+ 0-1

[Event "6th Gibtelecom Masters"]
[Site "Gibraltar ENG"]
[Date "2008.01.29"]
[Round "8"]
[White "Erichsen,D"]
[Black "Edvardsen,I"]
[Result "1-0"]
[WhiteElo "2169"]
[BlackElo "1972"]
[EventDate "2008.01.22"]

1. e4 c5 2. Nf3 Nc6 3. d4 cxd4 4. Nxd4 Nf6 5. Nc3 e5 6. Ndb5 d6 7. a4 a6 8.
Na3 Be6 9. Bc4 Rc8 10. O-O Na5 11. Bd3 Be7 12. f4 O-O 13. f5 Bd7 14. Kh1
Bc6 15. Bg5 d5 16. exd5 Nxd5 17. Bxe7 Qxe7 18. Nxd5 Bxd5 19. f6 gxf6 20.
Bxh7+ Kg7 21. Qg4+ Kxh7 22. Rf5 Bxg2+ 23. Kxg2 Rg8 24. Rh5+ 1-0

[Event "6th Gibtelecom Masters"]
[Site "Gibraltar ENG"]
[Date "2008.01.29"]
[Round "8"]
[White "Suez Panama,G"]
[Black "Larsson,D"]
[Result "1/2-1/2"]
[WhiteElo "2099"]
[BlackElo "2003"]
[EventDate "2008.01.22"]

1. d4 e6 2. Nf3 f5 3. Nc3 d5 4. Bg5 Nf6 5. e3 c6 6. Be2 Bd6 7. Ne5 Nbd7 8.
f4 Be7 9. O-O O-O 10. g4 Nxe5 11. fxe5 Nxg4 12. Bxe7 Qxe7 13. Bxg4 Qg5 14.
h4 Qxg4+ 15. Qxg4 fxg4 16. Rxf8+ Kxf8 17. Rf1+ Ke7 18. h5 Bd7 19. Rf4 Rg8
20. Rxg4 Be8 21. Rh4 Rf8 22. Kg2 Rf5 23. h6 gxh6 24. Rxh6 Bg6 25. Rh1 Rg5+
26. Kf2 Bxc2 27. e4 Rg7 28. Rc1 Bxe4 29. Nxe4 dxe4 30. Ke3 h5 31. Rh1 Rg5
32. b4 b6 33. Kxe4 Rg4+ 1/2-1/2

[Event "6th Gibtelecom Masters"]
[Site "Gibraltar ENG"]
[Date "2008.01.29"]
[Round "8"]
[White "Havik,V"]
[Black "Hamer,M"]
[Result "1-0"]
[WhiteElo "2072"]
[BlackElo "1962"]
[EventDate "2008.01.22"]

1. d4 Nf6 2. c4 e5 3. dxe5 Ne4 4. a3 Nc6 5. Nf3 d6 6. Qc2 d5 7. e3 Bg4 8.
cxd5 Qxd5 9. Bc4 Qa5+ 10. Nbd2 Bxf3 11. gxf3 Nxd2 12. Bxd2 Qxe5 13. Bc3 Qe7
14. O-O-O Ne5 15. Bd5 c6 16. Bxe5 cxd5 17. Rxd5 1-0

[Event "6th Gibtelecom Masters"]
[Site "Gibraltar ENG"]
[Date "2008.01.29"]
[Round "8"]
[White "Helin,M"]
[Black "Lilleoren,M"]
[Result "0-1"]
[WhiteElo "1935"]
[BlackElo "2065"]
[EventDate "2008.01.22"]

1. e4 c5 2. Nc3 Nc6 3. g3 g6 4. Bg2 Bg7 5. d3 d6 6. h3 Rb8 7. Nge2 Nf6 8.
f4 O-O 9. O-O Bd7 10. g4 b5 11. g5 Ne8 12. f5 b4 13. Nd5 Be5 14. f6 Be6 15.
fxe7 Nxe7 16. Nf6+ Kh8 17. Qe1 Ng8 18. Qh4 Nexf6 19. gxf6 Bxf6 20. Rxf6
Qxf6 21. Bg5 Qxb2 22. Rf1 Kg7 23. Bf4 Qxc2 24. Nc1 Rb6 25. Qg3 Qb2 26. Rf2
Qb1 27. e5 dxe5 28. Bxe5+ f6 29. Bb2 Rd8 30. Kh2 c4 31. dxc4 Rbd6 32. Qf3
Bf5 33. Qb7+ R8d7 34. Qxb4 Rd1 35. Qc3 R7d3 36. Nxd3 Qxd3 37. Qxd3 Rxd3 38.
c5 Rd7 39. Ba3 Rd3 40. Bb4 Rd4 41. a3 Rc4 42. c6 Rc1 43. Re2 g5 44. Rf2 Be6
45. Rd2 Kf7 46. Bf3 Rc4 47. Re2 f5 48. Bh5+ Kf6 49. Be8 Ne7 50. Bd7 Re4 51.
Rd2 Nc8 52. c7 Rc4 53. Ba5 Bxd7 54. Rxd7 Nb6 55. Rd6+ Ke5 56. Rd8 Rxc7 57.
Kg3 h5 58. Re8+ Kf6 59. Kf3 g4+ 60. hxg4 hxg4+ 61. Kg3 Rh7 62. Rf8+ Ke6 63.
Re8+ Re7 64. Rh8 Nd5 65. Rh6+ Ke5 66. Bd2 Rb7 67. Ra6 Rb3+ 68. Kh4 Rh3+ 69.
Kg5 g3 70. Ra5 g2 71. Bf4+ Ke4 72. Ra4+ Kf3 73. Kxf5 g1=Q 0-1

[Event "6th Gibtelecom Masters"]
[Site "Gibraltar ENG"]
[Date "2008.01.29"]
[Round "8"]
[White "Jacobsen,M"]
[Black "Foisor,M"]
[Result "1/2-1/2"]
[WhiteElo "1799"]
[BlackElo "2043"]
[EventDate "2008.01.22"]

1. e4 c5 2. Nf3 a6 3. d4 cxd4 4. Nxd4 Nf6 5. Nc3 e5 6. Nf3 Bb4 7. Bd2 d6 8.
Bd3 O-O 9. h3 Nbd7 10. O-O Nc5 11. Qe2 b5 12. a3 Bxc3 13. Bxc3 Bb7 14. Nd2
Qb6 15. Qe3 Qc6 16. Bb4 Rfc8 17. f3 a5 18. Bxc5 dxc5 19. a4 Ba6 20. axb5
Bxb5 21. c4 Ba6 22. Rxa5 Rd8 23. Nb3 Qb6 24. Be2 Rab8 25. Ra3 Nh5 26. Rfa1
Nf4 27. Bf1 Bc8 28. Qxc5 Qxc5+ 29. Nxc5 Rxb2 30. Ra8 f6 31. Nd3 Nxd3 32.
Bxd3 Rd2 33. Bf1 Kf7 34. R8a2 Be6 35. Rxd2 Rxd2 36. Rc1 Ke7 37. c5 Rd7 38.
Bc4 Rc7 39. Bxe6 Kxe6 40. Kf2 Kd7 41. Kg3 Kc6 42. Kg4 g6 43. f4 exf4 44.
Kxf4 Re7 45. g4 h6 1/2-1/2

[Event "6th Gibtelecom Masters"]
[Site "Gibraltar ENG"]
[Date "2008.01.29"]
[Round "8"]
[White "Hughes,Ro"]
[Black "Aagedal,G"]
[Result "1-0"]
[WhiteElo "2051"]
[BlackElo "1839"]
[EventDate "2008.01.22"]

1. e4 c5 2. Nc3 Nc6 3. f4 d6 4. Nf3 g6 5. Bb5 Bg7 6. O-O Bg4 7. d3 Nf6 8.
Bxc6+ bxc6 9. h3 Bd7 10. Ne2 O-O 11. c4 Qb6 12. Nc3 a5 13. Na4 Qc7 14. Be3
Rfb8 15. Rb1 Rb4 16. b3 Rb7 17. Qe1 Ne8 18. Qh4 e6 19. Rbe1 Rb4 20. Bd2 Rb7
21. g4 Bd4+ 22. Kg2 Ng7 23. Ng5 h5 24. Nf3 Be8 25. f5 Qe7 26. Qxe7 Rxe7 27.
Nxd4 cxd4 28. f6 Rb7 29. fxg7 hxg4 30. hxg4 c5 31. Bg5 f5 32. exf5 exf5 33.
gxf5 gxf5 34. Re7 Rab8 35. Rxf5 Bxa4 36. bxa4 Rxe7 37. Bxe7 Kxg7 38. Bxd6
Re8 39. Bxc5 Re3 40. Bxd4+ 1-0